Normal view
MARC view
- Dym, Clive.L Rosenberg, James.J Cha, Philip.D
Entry Personal Name
001 - CONTROL NUMBER
- control field: 80573
003 - CONTROL NUMBER IDENTIFIER
- control field: NUST
005 - DATE AND TIME OF LATEST TRANSACTION
- control field: 20210628210706.0
008 - FIXED-LENGTH DATA ELEMENTS
- fixed length control field: 210628|| aca||aabn | a|a d
040 ## - CATALOGING SOURCE
- Original cataloging agency: NUST
- Transcribing agency: NUST
100 ## - HEADING--PERSONAL NAME
- Personal name: Dym, Clive.L Rosenberg, James.J Cha, Philip.D
670 ## - SOURCE DATA FOUND
- Source citation: Work cat.: (NUST): Dym, Clive.L Rosenberg, James.J Cha, Philip.D, Fundamentals of modeling and analyzing engineering systems, 2000
